| 000 | 00462nam a22001217a 4500 | ||
|---|---|---|---|
| 082 | _a200 THE | ||
| 100 |
_aAdil Murtaza, _970473 |
||
| 245 | _aTH-SOF-1184-Analyzing and suggesting measures to improve the performance of industrial boiler using microcontroller based control-system technology-Case Study | ||
| 260 |
_aIslamabad _bNUST College of EME _c2015 |
||
| 650 | _a MS-EM-8 MSTHESIS | ||
| 700 |
_aSupervison Dr. Muhammad Tahir Nawaz _970212 |
||
| 942 | _cCF | ||
| 999 |
_c577454 _d577454 |
||